000 00285 a2200145 4500
001 162785
020 _a
040 _cMagnum
100 _aLopez, Maria
240 1 0 _aOs filhos de papai
_lpor
245 1 0 _aOs filhos de papai
362 0 _a1899
697 _aI/GERAL
942 _cBK
999 _c162785
_d162785